Naše zdravotníctvo musí byť konkurencieschopné
Rozhovor s Tiborom Šagátom o problémoch reformy zdravotníctva. Názory a pripomienky k návrhu koncepcie privatizácie zdravotníckych zariadení. Perspektívy zdravotníctva na Slovensku.
Na minha lista:
| Autor principal: | |
|---|---|
| Outros Autores: | |
| Formato: | Capítulo de Livro |
| Idioma: | eslovaco |
| Assuntos: | |
| Tags: |
Sem tags, seja o primeiro a adicionar uma tag!
|
MARC
| LEADER | 00000naa a2200000 4500 | ||
|---|---|---|---|
| 001 | r038922 | ||
| 005 | 20230927091144.2 | ||
| 041 | 0 | |a slo | |
| 044 | |a SK | ||
| 245 | 1 | 0 | |a Naše zdravotníctvo musí byť konkurencieschopné |c Vlastislav Svoboda, Tibor Šagát |
| 520 | |a Rozhovor s Tiborom Šagátom o problémoch reformy zdravotníctva. Názory a pripomienky k návrhu koncepcie privatizácie zdravotníckych zariadení. Perspektívy zdravotníctva na Slovensku. | ||
| 610 | 2 | 0 | |a zdravotníctvo |
| 610 | 2 | 0 | |a transformácia |
| 610 | 2 | 0 | |a reformy sociálne |
| 610 | 2 | 0 | |a deficit rozpočtový |
| 610 | 2 | 0 | |a starostlivosť o zdravie |
| 610 | 2 | 0 | |a privatizácia |
| 610 | 2 | 0 | |a Slovensko |
| 100 | 1 | |a Svoboda, Vlastislav | |
| 700 | 1 | |a Šagát, Tibor | |